000 00828nam0a22002771 4500
001 v19\rc\1668959
005 20250619012805.0
035 _a(NLR Aleph) 004776895
090 _a4655717
_c4655717
100 _a20061002d1892 |||y0rusy50 ca
101 0 _arus
102 _aRU
105 _ay z |||||
200 1 _aНачатки истории музыки
_fСост. А.Н. Черновский
210 _aСанкт-Петербург
_cтип. Сев. телеграф. агентства
_d1892
215 _a[2], IV, 24 с.
_d21
700 1 _aЧерновский
_bА.Н.
_4220
801 0 _aRU
_bNLR
_gpsbo
801 0 _aRU
_bRuMoRGB
_2psbo
801 1 _aRU
_bProSoft-M
_2rusmarc
852 _aNLR
_j18.207.3.564
899 _aRuMoRGB
_jA 201/498
899 _aБАН
899 _aГПИБ
942 _cBOOK
980 _aNB